000 00403nam a2200145 a 4500
001 000027847
005 20200930031138.0
008 110405nuuuuuuuudr ad 000 | spa d
040 _aDO-SdBNP
_bspa
_cBNPHU
082 _axxx
_bP944a
245 0 0 _aPrevención del abuso infantil.
260 _aSanto Domingo :
_bCasa de la Infancia,
_c[19--?].
300 _a73 p. :
_bil., diagr. ;
_c21 cm.
049 _aBNPD
999 _c27339
_d27339